God? Very probably : (Record no. 6744)
[ view plain ]
| 000 -LEADER | |
|---|---|
| fixed length control field | 02744cam a22003735i 4500 |
| 001 - CONTROL NUMBER | |
| control field | 18987149 |
| 003 - CONTROL NUMBER IDENTIFIER | |
| control field | GBCCL |
| 005 - DATE AND TIME OF LATEST TRANSACTION | |
| control field | 20241126110610.0 |
| 008 - FIXED-LENGTH DATA ELEMENTS--GENERAL INFORMATION | |
| fixed length control field | 160223s2015 oru b 000 0 eng d |
| 010 ## - | |
| -- | 2015510801 |
| 020 ## - INTERNATIONAL STANDARD BOOK NUMBER | |
| International Standard Book Number | 9781498223751 |
| 020 ## - INTERNATIONAL STANDARD BOOK NUMBER | |
| International Standard Book Number | 1498223753 |
| 035 ## - SYSTEM CONTROL NUMBER | |
| System control number | (OCoLC)ocn939533003 |
| 040 ## - CATALOGING SOURCE | |
| Original cataloging agency | EXN |
| Language of cataloging | eng |
| Transcribing agency | EXN |
| Description conventions | rda |
| Modifying agency | BTCTA |
| -- | YDXCP |
| -- | TEF |
| -- | DLC |
| 042 ## - | |
| -- | lccopycat |
| 050 00 - | |
| -- | BT103 |
| -- | .N45 2015 |
| 082 ## - DEWEY DECIMAL CLASSIFICATION NUMBER | |
| Classification number | 231 |
| Item number | NEL |
| 100 1# - MAIN ENTRY--PERSONAL NAME | |
| Personal name | Nelson, Robert H., |
| Relator term | author |
| 9 (RLIN) | 12122 |
| 245 00 - TITLE STATEMENT | |
| Title | God? Very probably : |
| Remainder of title | five rational ways to think about the question of a god / |
| Statement of responsibility, etc. | Robert H. Nelson ; foreword by Herman Daly. |
| 264 #1 - PRODUCTION, PUBLICATION, DISTRIBUTION, MANUFACTURE, AND COPYRIGHT NOTICE | |
| Place of production, publication, distribution, manufacture | Eugene, Oregon : |
| Name of producer, publisher, distributor, manufacturer | Cascade Books, |
| Date of production, publication, distribution, manufacture, or copyright notice | [2015] |
| 300 ## - PHYSICAL DESCRIPTION | |
| Extent | xvi, 280 pages ; |
| Dimensions | 23 cm. |
| 336 ## - CONTENT TYPE | |
| Content type term | text |
| Content type code | txt |
| Source | rdacontent |
| 337 ## - MEDIA TYPE | |
| Media type term | unmediated |
| Media type code | n |
| Source | rdamedia |
| 338 ## - CARRIER TYPE | |
| Carrier type term | volume |
| Carrier type code | nc |
| Source | rdacarrier |
| 504 ## - BIBLIOGRAPHY, ETC. NOTE | |
| Bibliography, etc. note | Includes bibliographical references (pages 269-280). |
| 505 0# - FORMATTED CONTENTS NOTE | |
| Formatted contents note | Introduction -- Thinking about God -- God the mathematician: the miracle of mathematical order in the natural world -- Darwinsim as secular fundamentalism -- Scientifically inexplicable: the mystery of human consciousness -- Divine agency in recorded human history: are there "miracles"? -- Secular religion, Christianity, and modernity -- Conclusion. |
| 520 ## - SUMMARY, ETC. | |
| Summary, etc. | In recent years, a number of works have appeared with important implications for the age-old question of the existence of a god. These writings, many of which are not by theologians, strengthen the rational case for the existence of a god, even as this god may not be exactly the Christian God of history. This book brings together for the first time such recent diverse contributions from fields such as physics, the philosophy of human consciousness, evolutionary biology, mathematics, the history of religion, and theology. Based on such new materials as well as older ones from the twentieth century, it develops five rational arguments that point strongly to the (very probable) existence of a god. They do not make use of the scientific method, which is inapplicable to the question of a god. Rather, they are in an older tradition of rational argument dating back at least to the ancient Greeks. For those who are already believers, the book will offer additional rational reasons that may strengthen their belief. Those who do not believe in the existence of a god at present will encounter new rational arguments that may cause them to reconsider their opinion. --back cover. |
| 650 #0 - SUBJECT ADDED ENTRY--TOPICAL TERM | |
| Topical term or geographic name entry element | God. |
| 9 (RLIN) | 3861 |
| 650 #0 - SUBJECT ADDED ENTRY--TOPICAL TERM | |
| Topical term or geographic name entry element | God |
| General subdivision | Proof. |
| 9 (RLIN) | 6063 |
| 700 1# - ADDED ENTRY--PERSONAL NAME | |
| Personal name | Daly, Herman, |
| Relator term | foreword |
| 9 (RLIN) | 12123 |
| 906 ## - LOCAL DATA ELEMENT F, LDF (RLIN) | |
| a | 7 |
| b | cbc |
| c | pccadap |
| d | 2 |
| e | ncip |
| f | 20 |
| g | y-gencatlg |
| 942 ## - ADDED ENTRY ELEMENTS (KOHA) | |
| Source of classification or shelving scheme | Dewey Decimal Classification |
| Koha item type | Books |
| Koha issues (borrowed), all copies | 4 |
| Withdrawn status | Lost status | Source of classification or shelving scheme | Damaged status | Not for loan | Home library | Current Library | Shelving location | Date acquired | Source of acquisition | Cost, normal purchase price | Total checkouts | Full call number | Barcode | Date last seen | Date last checked out | Copy number | Cost, replacement price | Price effective from | Koha item type |
|---|---|---|---|---|---|---|---|---|---|---|---|---|---|---|---|---|---|---|---|
| Dewey Decimal Classification | GRACE BIBLE COLLEGE | GRACE BIBLE COLLEGE | Theology | 2018-06-06 | 7 | 624.60 | 4 | 231 NEL | 014740 | 2025-05-01 | 2024-07-09 | c.1 | 694.00 | 2018-06-06 | Books |